[Event "BRA-ch Amateur U1600"]
[Site "Sao Paulo"]
[Date "2022.06.17"]
[Round "3"]
[White "Mangialardo, Gabriel Henrique"]
[Black "Pimenta, Mauri Moriggi"]
[Result "1-0"]
[WhiteElo "1591"]
[BlackElo "1235"]
[PlyCount "49"]
[EventDate "2022.06.16"]
[EventType "swiss"]
[EventRounds "7"]
[EventCountry "BRA"]
[SourceTitle "CBM 208 Extra"]
[Source "ChessBase"]
[SourceDate "2022.07.31"]
[SourceVersion "1"]
[SourceVersionDate "2022.07.31"]
[SourceQuality "1"]

1. e4 e5 2. Nf3 d6 3. d4 exd4 4. Nxd4 Nf6 5. Nc3 Be7 6. Be2 0-0 7. 0-0 Nbd7 8. f4 Nc5 9. Bf3 c6 10. g4 Qb6 11. Kh1 Ne6 12. Nf5 Qc7 13. h4 Nc5 14. g5 Bxf5 15. gxf6 Bxf6 16. exf5 Bxh4 17. Be3 Rad8 18. Bd4 Qc8 19. Bxg7 Rfe8 20. Rg1 Re1 21. Qd4 Rxg1+ 22. Rxg1 f6 23. Bxf6+ Kf8 24. Bxh4 Qxf5 25. Qg7+ 1-0

[Event "Niteroi op 1st"]
[Site "Niteroi"]
[Date "2019.09.06"]
[Round "5"]
[White "De Oliveira, Itala Chesley Lopes"]
[Black "Pimenta, Mauri Moriggi"]
[Result "0-1"]
[WhiteElo "1460"]
[BlackElo "1250"]
[PlyCount "54"]
[EventDate "2019.09.04"]
[EventType "swiss"]
[EventRounds "7"]
[EventCountry "BRA"]
[SourceTitle "EXT 2020"]
[Source "ChessBase"]
[SourceDate "2019.10.17"]
[SourceVersion "1"]
[SourceVersionDate "2019.10.17"]
[SourceQuality "1"]

1. e4 e5 2. Nf3 d6 3. Bc4 Be7 4. 0-0 Nf6 5. d3 0-0 6. Nc3 c6 7. Bg5 Nbd7 8. a4 Nc5 9. b4 Ne6 10. Bh4 Nf4 11. Bg3 Be6 12. Bxf4 Bxc4 13. Bg3 Be6 14. d4 exd4 15. Nxd4 Bc4 16. Re1 d5 17. exd5 Bxb4 18. Qf3 Bxd5 19. Nxd5 Nxd5 20. Reb1 Bc3 21. Be5 Bxa1 22. Rxa1 f6 23. Bg3 Ne7 24. Ne6 Qd5 25. Qe3 Nf5 26. Qb3 Qxb3 27. cxb3 Rf7 0-1

[Event "Niteroi op 1st"]
[Site "Niteroi"]
[Date "2019.09.06"]
[Round "4"]
[White "Pimenta, Mauri Moriggi"]
[Black "Ramirez Brizuela, Juan Bartolome"]
[Result "0-1"]
[WhiteElo "1250"]
[BlackElo "1566"]
[PlyCount "90"]
[EventDate "2019.09.04"]
[EventType "swiss"]
[EventRounds "7"]
[EventCountry "BRA"]
[SourceTitle "EXT 2020"]
[Source "ChessBase"]
[SourceDate "2019.10.17"]
[SourceVersion "1"]
[SourceVersionDate "2019.10.17"]
[SourceQuality "1"]

1. d4 g6 2. b3 Bg7 3. Bb2 c5 4. e3 Nh6 5. Nf3 0-0 6. Be2 b6 7. 0-0 Bb7 8. Nbd2 d5 9. c4 e6 10. a4 a5 11. Rb1 Na6 12. dxc5 Bxb2 13. Rxb2 Nxc5 14. Rb1 Na6 15. Qc1 Nf5 16. Ne5 Rc8 17. Qb2 Nb4 18. Ng4 f6 19. h3 h5 20. Nh2 Qe7 21. Nhf3 Qg7 22. Nd4 Nxd4 23. Qxd4 Rc5 24. Qb2 Rfc8 25. Nf3 e5 26. Rbd1 Kh8 27. Qb1 R8c7 28. Nh4 Kh7 29. Bxh5 e4 30. Bxg6+ Kh8 31. Bf5 Qg5 32. Ng6+ Kg7 33. g4 Bc8 34. h4 Qh6 35. Qb2 Nd3 36. Rxd3 Bxf5 37. gxf5 exd3 38. Qd4 dxc4 39. Qg4 Kh7 40. Qd4 Rxf5 41. Nf4 Rg7+ 42. Ng2 Qg6 43. Qe4 Qxg2+ 44. Qxg2 Rxg2+ 45. Kxg2 cxb3 0-1

[Event "Niteroi op 1st"]
[Site "Niteroi"]
[Date "2019.09.05"]
[Round "2"]
[White "Pimenta, Mauri Moriggi"]
[Black "Bail, Ellen Larissa"]
[Result "0-1"]
[WhiteElo "1250"]
[BlackElo "1874"]
[PlyCount "97"]
[EventDate "2019.09.04"]
[EventType "swiss"]
[EventRounds "7"]
[EventCountry "BRA"]
[SourceTitle "EXT 2020"]
[Source "ChessBase"]
[SourceDate "2019.10.17"]
[SourceVersion "1"]
[SourceVersionDate "2019.10.17"]
[SourceQuality "1"]

1. d4 d5 2. b3 Nf6 3. Bb2 b6 4. Nf3 g6 5. e3 Bg7 6. Be2 0-0 7. 0-0 Nbd7 8. Nbd2 Bb7 9. a4 c5 10. c4 Rc8 11. Rc1 Rc7 12. cxd5 Nxd5 13. Bc4 N7f6 14. Ne5 Nb4 15. Rb1 Qa8 16. Ndf3 Nd7 17. Nxd7 Rxd7 18. Bb5 Rdd8 19. Be2 cxd4 20. Bxd4 e5 21. Qe1 Nc2 22. Qc3 exd4 23. Qxc2 dxe3 24. fxe3 Be4 25. Qa2 Bxb1 26. Qxb1 Bh6 27. e4 Qc6 28. Bc4 Bf4 29. Kh1 Qc7 30. Qc2 Rd7 31. Qb1 Rfd8 32. Bd5 Qc3 33. g3 Be3 34. Ne1 Rc8 35. Qd3 Bd4 36. Qxc3 Bxc3 37. Nf3 Kg7 38. Ng5 Rcc7 39. h4 Bb2 40. Kg2 h6 41. Nh3 Be5 42. Nf4 Rc3 43. Rf3 Rdc7 44. Bc4 R7xc4 45. Rxc3 Rxc3 46. b4 Rc4 47. Kf3 Rxb4 48. Nd3 Rb3 49. Ke2 0-1

[Event "Sao Paulo STD Gansl op"]
[Site "Sao Paulo"]
[Date "2019.05.25"]
[Round "3"]
[White "Reis, Antonio Ferreira Da"]
[Black "Pimenta, Mauri Moriggi"]
[Result "1-0"]
[WhiteElo "1525"]
[BlackElo "1260"]
[PlyCount "125"]
[EventDate "2019.05.24"]
[EventType "swiss"]
[EventRounds "6"]
[EventCountry "BRA"]
[SourceTitle "CBM 190 Extra"]
[Source "ChessBase"]
[SourceDate "2019.07.15"]
[SourceVersion "1"]
[SourceVersionDate "2019.07.15"]
[SourceQuality "1"]

1. e4 e5 2. Nf3 d6 3. d4 exd4 4. Nxd4 Nf6 5. Nc3 Be7 6. Be2 0-0 7. 0-0 c6 8. Bf4 Nbd7 9. Nf5 Ne5 10. Nxe7+ Qxe7 11. Re1 Be6 12. Bg3 Rad8 13. f4 Nc4 14. f5 Ne3 15. Qc1 Nxf5 16. exf5 Bxf5 17. Qf4 Qd7 18. Bd3 Bxd3 19. cxd3 Nh5 20. Qf3 Nxg3 21. Qxg3 Qf5 22. Rf1 Qc5+ 23. Kh1 Rde8 24. Rae1 d5 25. Rxe8 Rxe8 26. Qc7 Qe7 27. Qxe7 Rxe7 28. Kg1 g6 29. Kf2 f5 30. Kf3 d4 31. Ne2 Re3+ 32. Kf2 Rxd3 33. Ke1 Re3 34. Kd2 Re4 35. Rc1 Re5 36. Nxd4 Rd5 37. Ke3 Kf7 38. Nf3 Kf6 39. Kf4 h6 40. Rc2 Rd3 41. Rd2 g5+ 42. Kg3 Re3 43. Kf2 Re7 44. Rd6+ Kg7 45. Nd4 Rf7 46. Kf3 h5 47. Ne6+ Kf6 48. Nd8+ Ke7 49. Nxf7 Kxf7 50. Rd7+ Ke6 51. Rxb7 Ke5 52. Rxa7 g4+ 53. Ke2 c5 54. Rh7 Kf4 55. Rxh5 Ke4 56. a4 c4 57. a5 f4 58. a6 f3+ 59. gxf3+ gxf3+ 60. Kf2 Kd3 61. a7 Kc2 62. Rc5 Kb3 63. a8Q 1-0

[Event "Homs Xeque Mate op"]
[Site "Sao Paulo"]
[Date "2018.10.28"]
[Round "5"]
[White "Pimenta, Mauri Moriggi"]
[Black "Teshima, Claudio Yutaka"]
[Result "1-0"]
[WhiteElo "1282"]
[BlackElo "1179"]
[PlyCount "69"]
[EventDate "2018.10.27"]
[EventType "swiss"]
[EventRounds "5"]
[EventCountry "BRA"]
[SourceTitle "CBM 187 Extra"]
[Source "ChessBase"]
[SourceDate "2018.11.04"]
[SourceVersion "1"]
[SourceVersionDate "2018.11.04"]
[SourceQuality "1"]

1. d4 d5 2. b3 Nf6 3. Bb2 Nc6 4. Nf3 e6 5. a3 Ne4 6. e3 Qf6 7. Bd3 Ng5 8. Nbd2 Bd6 9. 0-0 0-0 10. c4 dxc4 11. Bxc4 e5 12. Nxg5 Qxg5 13. Nf3 Qh6 14. dxe5 Be7 15. Qd3 Bg4 16. Qe4 Bxf3 17. Qxf3 Na5 18. Rad1 Nxc4 19. bxc4 c6 20. Rd7 Bg5 21. Rxb7 f6 22. Qxc6 Rac8 23. Qe6+ Kh8 24. exf6 gxf6 25. f4 Rce8 26. fxg5 Rxe6 27. gxh6 Kg8 28. Rg7+ Kh8 29. e4 Rb6 30. Bc3 Rb3 31. Bxf6 Rxf6 32. Rxf6 Rb8 33. Rff7 a5 34. Rxh7+ Kg8 35. Rfg7+ 1-0

[Event "Homs Xeque Mate op"]
[Site "Sao Paulo"]
[Date "2018.10.27"]
[Round "1"]
[White "Pimenta, Mauri Moriggi"]
[Black "Marino, Felipe Gabriel"]
[Result "0-1"]
[WhiteElo "1282"]
[BlackElo "1673"]
[PlyCount "120"]
[EventDate "2018.10.27"]
[EventType "swiss"]
[EventRounds "5"]
[EventCountry "BRA"]
[SourceTitle "CBM 187 Extra"]
[Source "ChessBase"]
[SourceDate "2018.11.04"]
[SourceVersion "1"]
[SourceVersionDate "2018.11.04"]
[SourceQuality "1"]

1. d4 d5 2. b3 Nf6 3. Bb2 e6 4. a3 b6 5. Nf3 Bb7 6. e3 Nbd7 7. Bd3 Be7 8. 0-0 c5 9. Nbd2 0-0 10. c4 h6 11. Rc1 cxd4 12. Nxd4 dxc4 13. Nxc4 Nc5 14. Be2 Bd5 15. Bf3 Bxf3 16. Nxf3 Qxd1 17. Rcxd1 Nxb3 18. Nce5 Rac8 19. Rd3 Nc5 20. Rdd1 Nce4 21. Nd4 Bc5 22. Nec6 Rc7 23. f3 Bxd4 24. Nxd4 Nc3 25. Kf2 Nxd1+ 26. Rxd1 Rd8 27. Kf1 e5 28. Ke1 exd4 29. Bxd4 Rxd4 30. Rxd4 Rd7 31. Ra4 a5 32. Ke2 Nd5 33. Kf2 Rc7 34. Rd4 Rc2+ 35. Ke1 Nxe3 36. Rd3 Nxg2+ 37. Kd1 Ra2 38. Rb3 Nf4 39. h4 Ne6 40. Kc1 Nd4 41. Rd3 Nb5 42. Rb3 Rxa3 43. Rxb5 Rxf3 44. Rxb6 Rh3 45. Rb5 Rxh4 46. Rxa5 g5 47. Kd2 Re4 48. Kd3 Re6 49. Rf5 Kg7 50. Kd4 Kg6 51. Rf1 h5 52. Kd5 Rf6 53. Rh1 h4 54. Ke5 Rf5+ 55. Ke4 Rf4+ 56. Ke3 f5 57. Rh2 Ra4 58. Rd2 h3 59. Kf3 Ra3+ 60. Kf2 f4 0-1